[Event "Pardubice Region-chT 2223"]
[Site "Czech Republic"]
[Date "2022.10.09"]
[Round "1.1"]
[White "Cerny, Jan"]
[Black "Daniel, Martin"]
[Result "1/2-1/2"]
[WhiteElo "2011"]
[BlackElo "1992"]
[PlyCount "103"]
[EventDate "2022.10.09"]
[EventType "team-tourn"]
[EventRounds "11"]
[EventCountry "CZE"]
[SourceTitle "EXT 2024"]
[Source "ChessBase"]
[SourceDate "2023.10.10"]
[SourceVersion "1"]
[SourceVersionDate "2023.10.10"]
[SourceQuality "1"]

1. d4 Nf6 2. Nf3 g6 3. Bg5 Bg7 4. Nbd2 0-0 5. c3 b6 6. e4 d6 7. Qc2 c5 8. dxc5 dxc5 9. Be2 Qc7 10. 0-0 h6 11. Bh4 Nc6 12. Rfe1 e5 13. Rad1 Bb7 14. a4 Rac8 15. Nc4 Rcd8 16. Bf1 a6 17. Nfd2 g5 18. Bg3 Nh5 19. Ne3 Ne7 20. f3 Nxg3 21. hxg3 Rd7 22. Ndc4 Rfd8 23. Rxd7 Rxd7 24. Rd1 b5 25. axb5 axb5 26. Rxd7 Qxd7 27. Qd2 Qxd2 28. Nxd2 c4 29. b3 cxb3 30. Nxb3 Bc6 31. Na5 Bd7 32. Nb7 Nc8 33. Nc5 Bc6 34. Nd3 Nd6 35. g4 h5 36. gxh5 f5 37. Nb4 Bb7 38. Nxf5 Nxf5 39. exf5 e4 40. Bxb5 Bxc3 41. Bc4+ Kh7 42. Nd5 Bd4+ 43. Kf1 exf3 44. gxf3 Kh6 45. f6 Bxd5 46. Bxd5 Kxh5 47. f7 Bc5 48. Kg2 Kg6 49. Kg3 Kg7 50. Kg4 Be3 51. Kf5 Kf8 52. Kf6 1/2-1/2

[Event "CZE-chT2D 1617"]
[Site "Czech Republic"]
[Date "2017.01.15"]
[Round "6.7"]
[White "Cerny, Jan"]
[Black "Svizensky, Lubos"]
[Result "1/2-1/2"]
[WhiteElo "2002"]
[BlackElo "1968"]
[PlyCount "50"]
[EventDate "2016.10.09"]
[EventType "team-tourn"]
[EventRounds "11"]
[EventCountry "CZE"]
[SourceTitle "EXT 2022"]
[Source "ChessBase"]
[SourceDate "2021.10.06"]
[SourceVersion "1"]
[SourceVersionDate "2021.10.06"]
[SourceQuality "1"]
[WhiteTeam "Polabiny II"]
[BlackTeam "Dalesice Pivovar"]
[WhiteTeamCountry "CZE"]
[BlackTeamCountry "CZE"]

1. d4 Nf6 2. Nf3 d5 3. Bg5 Ne4 4. Bf4 Bf5 5. e3 e6 6. Nbd2 c5 7. c3 Nc6 8. h3 Bd6 9. Nxe4 Bxe4 10. Bxd6 Qxd6 11. Be2 0-0 12. 0-0 cxd4 13. cxd4 Rac8 14. Qa4 Qb4 15. Qxb4 Nxb4 16. a3 Bd3 17. Rfe1 Bxe2 18. Rxe2 Na6 19. Kf1 Rc7 20. Ke1 Rfc8 21. Kd1 Kf8 22. Ne1 Ke7 23. b4 Nb8 24. Rb2 Nd7 25. Nd3 b6 1/2-1/2

[Event "CZE-chT2D 1415"]
[Site "Czech Republic"]
[Date "2015.01.11"]
[Round "5.4"]
[White "Cerny, Jan"]
[Black "Sion, David"]
[Result "1/2-1/2"]
[WhiteElo "2048"]
[BlackElo "1937"]
[PlyCount "56"]
[EventDate "2014.11.02"]
[EventType "team-tourn"]
[EventRounds "11"]
[EventCountry "CZE"]
[SourceTitle "EXT 2022"]
[Source "ChessBase"]
[SourceDate "2021.10.06"]
[SourceVersion "1"]
[SourceVersionDate "2021.10.06"]
[SourceQuality "1"]
[WhiteTeam "Polabiny II"]
[BlackTeam "Policka Stefanydes II"]
[WhiteTeamCountry "CZE"]
[BlackTeamCountry "CZE"]

1. d4 Nf6 2. Nf3 e6 3. Bg5 Be7 4. e3 b6 5. c3 Bb7 6. Nbd2 d6 7. Be2 Nbd7 8. 0-0 h6 9. Bh4 g5 10. Bg3 g4 11. Ne1 h5 12. Bh4 c5 13. a4 Nh7 14. Bxe7 Qxe7 15. Bd3 f5 16. a5 Ng5 17. axb6 axb6 18. Rxa8+ Bxa8 19. Qa4 Kf7 20. Bb5 Nf6 21. Bc6 Bb7 22. Bxb7 Qxb7 23. Nc4 Ke7 24. Qb5 Rb8 25. Nd3 Nfe4 26. Ra1 Ra8 27. Rd1 Rb8 28. Ra1 Ra8 1/2-1/2

[Event "CZE-chT2D 1314"]
[Site "Czech Republic"]
[Date "2014.03.23"]
[Round "10.3"]
[White "Korinek, Ondrej"]
[Black "Cerny, Jan"]
[Result "1-0"]
[WhiteElo "2331"]
[BlackElo "2063"]
[PlyCount "89"]
[EventDate "2013.11.03"]
[EventType "team-tourn"]
[EventRounds "11"]
[EventCountry "CZE"]
[SourceTitle "EXT 2016"]
[Source "ChessBase"]
[SourceDate "2015.10.08"]
[SourceVersion "1"]
[SourceVersionDate "2015.10.08"]
[SourceQuality "1"]
[WhiteTeam "Hradec Kralove II"]
[BlackTeam "Polabiny II"]
[WhiteTeamCountry "CZE"]
[BlackTeamCountry "CZE"]

1. e4 c6 2. d4 d5 3. Nc3 dxe4 4. Nxe4 Nd7 5. Bd3 Ngf6 6. Ng5 e6 7. N1f3 Bd6 8. Qe2 h6 9. Ne4 Nxe4 10. Qxe4 Qc7 11. Bd2 b6 12. Qg4 g5 13. Qh3 Bf4 14. 0-0-0 Bxd2+ 15. Rxd2 Qf4 16. Re1 Bb7 17. Ne5 Nxe5 18. dxe5 g4 19. Qg3 Qxg3 20. hxg3 0-0-0 21. Re4 Rhg8 22. Rf4 Rg7 23. Be4 Rxd2 24. Kxd2 c5 25. Ke3 Bxe4 26. Kxe4 Kd7 27. Rf6 Rh7 28. Kf4 h5 29. Kg5 b5 30. Rh6 Rxh6 31. Kxh6 Kc6 32. Kxh5 Kd5 33. Kxg4 Kxe5 34. Kf3 a5 35. Ke3 a4 36. g4 Kd5 37. b3 axb3 38. axb3 c4 39. b4 Ke5 40. f4+ Kd5 41. g5 c3 42. Kd3 e5 43. f5 e4+ 44. Ke3 Ke5 45. g6 1-0

[Event "CZE-chT2D 1314"]
[Site "Czech Republic"]
[Date "2014.02.02"]
[Round "7.5"]
[White "Hurt, Lukas"]
[Black "Cerny, Jan"]
[Result "1/2-1/2"]
[WhiteElo "2110"]
[BlackElo "2063"]
[PlyCount "75"]
[EventDate "2013.11.03"]
[EventType "team-tourn"]
[EventRounds "11"]
[EventCountry "CZE"]
[SourceTitle "EXT 2016"]
[Source "ChessBase"]
[SourceDate "2015.10.08"]
[SourceVersion "1"]
[SourceVersionDate "2015.10.08"]
[SourceQuality "1"]
[WhiteTeam "Usti nad Orlici"]
[BlackTeam "Polabiny II"]
[WhiteTeamCountry "CZE"]
[BlackTeamCountry "CZE"]

1. e4 c6 2. d4 d5 3. exd5 cxd5 4. c4 Nf6 5. Nc3 e6 6. Bg5 Be7 7. Nf3 0-0 8. c5 b6 9. b4 bxc5 10. bxc5 Nc6 11. Bb5 Bd7 12. 0-0 Ne4 13. Bxe7 Nxe7 14. Bxd7 Nxc3 15. Qd3 Qxd7 16. Qxc3 Nc6 17. Rfe1 Rab8 18. Ne5 Nxe5 19. Rxe5 Qb5 20. f4 Qb2 21. Re3 g6 22. Qxb2 Rxb2 23. Rb3 Rb8 24. Rxb8+ Rxb8 25. Rc1 Kf8 26. Rc2 Ke7 27. Kf2 Rb4 28. Ke3 Kd7 29. Kd3 Kc7 30. g4 Rb1 31. f5 gxf5 32. gxf5 Rf1 33. fxe6 fxe6 34. Re2 Kd7 35. Ke3 Kc6 36. Rf2 Rxf2 37. Kxf2 e5 38. Ke3 1/2-1/2

[Event "CZE-chT2D 1314"]
[Site "Czech Republic"]
[Date "2014.01.05"]
[Round "5.5"]
[White "Smutny, Jan"]
[Black "Cerny, Jan"]
[Result "1-0"]
[WhiteElo "2170"]
[BlackElo "2063"]
[PlyCount "71"]
[EventDate "2013.11.03"]
[EventType "team-tourn"]
[EventRounds "11"]
[EventCountry "CZE"]
[SourceTitle "EXT 2016"]
[Source "ChessBase"]
[SourceDate "2015.10.08"]
[SourceVersion "1"]
[SourceVersionDate "2015.10.08"]
[SourceQuality "1"]
[WhiteTeam "Pardubice AKIS"]
[BlackTeam "Polabiny II"]
[WhiteTeamCountry "CZE"]
[BlackTeamCountry "CZE"]

1. e4 c6 2. d4 d5 3. exd5 cxd5 4. Bd3 Nc6 5. Nf3 Nf6 6. h3 e6 7. 0-0 Be7 8. Re1 Bd7 9. c3 a6 10. Ne5 b5 11. Nd2 b4 12. Ndf3 bxc3 13. bxc3 0-0 14. Qe2 a5 15. Rb1 Qc7 16. Bf4 Nxe5 17. Bxe5 Qa7 18. Ng5 h6 19. Bxf6 Bxf6 20. Nh7 Rfc8 21. Nxf6+ gxf6 22. Qe3 Kg7 23. Qg3+ Kf8 24. Qd6+ Ke8 25. Qxd5 Bc6 26. Qh5 Qe7 27. c4 Qf8 28. Rxe6+ Kd8 29. Re3 Qg8 30. d5 Ba4 31. Qf5 Qg5 32. Qe4 f5 33. Qd4 Rab8 34. Rb6 Rxb6 35. Qxb6+ Kd7 36. c5 1-0

[Event "CZE-chT2D 1213"]
[Site "Czech Republic"]
[Date "2013.02.17"]
[Round "9.5"]
[White "Kosek, Jiri"]
[Black "Cerny, Jan"]
[Result "1/2-1/2"]
[WhiteElo "2104"]
[BlackElo "2069"]
[PlyCount "55"]
[EventDate "2012.10.14"]
[EventType "team-tourn"]
[EventRounds "11"]
[EventCountry "CZE"]
[SourceTitle "EXT 2016"]
[Source "ChessBase"]
[SourceDate "2015.10.08"]
[SourceVersion "1"]
[SourceVersionDate "2015.10.08"]
[SourceQuality "1"]
[WhiteTeam "Vysoke Myto"]
[BlackTeam "Polabiny III"]
[WhiteTeamCountry "CZE"]
[BlackTeamCountry "CZE"]

1. c4 c6 2. d4 d5 3. e3 Nf6 4. Nc3 a6 5. Nf3 Bf5 6. Be2 e6 7. 0-0 Be7 8. b3 0-0 9. Bb2 Nbd7 10. Nh4 Bg6 11. Nxg6 hxg6 12. Qc2 b5 13. Bd3 Rc8 14. a4 b4 15. Ne2 c5 16. Rac1 cxd4 17. exd4 a5 18. c5 Nb8 19. h3 Nc6 20. f4 Nd7 21. Rf3 f5 22. Re3 Kf7 23. g4 Nf6 24. Ng3 Ne4 25. Rd1 Rh8 26. Kg2 Bf6 27. Bxe4 fxe4 28. Qd2 1/2-1/2

[Event "CZE-chT2D 1213"]
[Site "Czech Republic"]
[Date "2013.01.06"]
[Round "6.7"]
[White "Cerny, Jan"]
[Black "Zboril, Tomas"]
[Result "1/2-1/2"]
[WhiteElo "2069"]
[BlackElo "2138"]
[PlyCount "41"]
[EventDate "2012.10.14"]
[EventType "team-tourn"]
[EventRounds "11"]
[EventCountry "CZE"]
[SourceTitle "EXT 2016"]
[Source "ChessBase"]
[SourceDate "2015.10.08"]
[SourceVersion "1"]
[SourceVersionDate "2015.10.08"]
[SourceQuality "1"]
[WhiteTeam "Polabiny III"]
[BlackTeam "Olomouc Garde"]
[WhiteTeamCountry "CZE"]
[BlackTeamCountry "CZE"]

1. d4 Nf6 2. Nf3 c5 3. c3 e6 4. Bg5 h6 5. Bh4 cxd4 6. cxd4 Bb4+ 7. Nc3 Qa5 8. Bxf6 Bxc3+ 9. bxc3 gxf6 10. Qc2 b6 11. e3 Bb7 12. Be2 d6 13. Rd1 Nd7 14. 0-0 Rc8 15. Rc1 d5 16. Qb3 0-0 17. Qb5 Qxb5 18. Bxb5 Rc7 19. c4 Rfc8 20. Bxd7 Rxd7 21. cxd5 1/2-1/2

[Event "CZE-chT2D 1213"]
[Site "Czech Republic"]
[Date "2012.10.14"]
[Round "1.7"]
[White "Petuchov, Sergej"]
[Black "Cerny, Jan"]
[Result "1/2-1/2"]
[WhiteElo "2163"]
[BlackElo "2069"]
[PlyCount "40"]
[EventDate "2012.10.14"]
[EventType "team-tourn"]
[EventRounds "11"]
[EventCountry "CZE"]
[SourceTitle "EXT 2016"]
[Source "ChessBase"]
[SourceDate "2015.10.08"]
[SourceVersion "1"]
[SourceVersionDate "2015.10.08"]
[SourceQuality "1"]
[WhiteTeam "Pardubice Rapid II"]
[BlackTeam "Polabiny III"]
[WhiteTeamCountry "CZE"]
[BlackTeamCountry "CZE"]

1. e4 c6 2. Qe2 d5 3. d3 dxe4 4. dxe4 e5 5. Nd2 Nf6 6. Ngf3 Qc7 7. Nc4 Nbd7 8. Bd2 Be7 9. Bc3 0-0 10. Ncxe5 Re8 11. Qc4 Nxe5 12. Bxe5 Bd6 13. Bxf6 gxf6 14. Bd3 f5 15. 0-0 b5 16. Qd4 c5 17. Qf6 c4 18. Qg5+ Kh8 19. Qf6+ Kg8 20. Qg5+ Kh8 1/2-1/2

[Event "CZE-chT2c 0607"]
[Site "Czech Republic"]
[Date "2007.03.25"]
[Round "10.8"]
[White "Zakoucka, Adela"]
[Black "Cerny, Jan"]
[Result "1/2-1/2"]
[WhiteElo "1974"]
[BlackElo "2096"]
[PlyCount "50"]
[EventDate "2006.10.15"]
[EventType "team"]
[EventRounds "11"]
[EventCountry "CZE"]
[SourceTitle "EXT 2008"]
[Source "ChessBase"]
[SourceDate "2007.11.25"]
[SourceVersion "1"]
[SourceVersionDate "2007.11.25"]
[SourceQuality "1"]
[WhiteTeam "Vrchlabi"]
[BlackTeam "Polabiny II"]
[WhiteTeamCountry "CZE"]
[BlackTeamCountry "CZE"]

1. e4 c6 2. d4 d5 3. exd5 cxd5 4. c4 Nf6 5. Nc3 e6 6. Nf3 Be7 7. Bd3 dxc4 8. Bxc4 0-0 9. 0-0 a6 10. Bb3 b5 11. Qd3 Bb7 12. a3 Nc6 13. Rd1 b4 14. axb4 Nxb4 15. Qe2 Qb6 16. d5 Nbxd5 17. Nxd5 Bxd5 18. Bxd5 Nxd5 19. Rxd5 exd5 20. Qxe7 Rfe8 21. Qh4 Re4 22. Qg3 Rae8 23. h3 d4 24. Bf4 h6 25. Be5 f6 1/2-1/2

[Event "CZE-chT2c 0405"]
[Site "Czech Republic"]
[Date "2005.01.16"]
[Round "6.8"]
[White "Cerny, Jan"]
[Black "Hora, Milan"]
[Result "1/2-1/2"]
[WhiteElo "2103"]
[BlackElo "2113"]
[PlyCount "31"]
[EventDate "2004.10.17"]
[EventType "team"]
[EventRounds "11"]
[EventCountry "CZE"]
[SourceTitle "EXT 2007"]
[Source "ChessBase"]
[SourceDate "2006.11.23"]
[SourceVersion "1"]
[SourceVersionDate "2006.11.23"]
[SourceQuality "1"]
[WhiteTeam "Polabiny"]
[BlackTeam "Lysa nad Labem"]
[WhiteTeamCountry "CZE"]
[BlackTeamCountry "CZE"]

1. d4 Nf6 2. Nf3 g6 3. Bg5 Bg7 4. Nbd2 c5 5. Bxf6 Bxf6 6. Ne4 Bxd4 7. Nxd4 cxd4 8. Qxd4 0-0 9. 0-0-0 Nc6 10. Qd2 d5 11. Qh6 f6 12. e3 Qa5 13. Nc3 Be6 14. h4 Ne5 15. Bd3 Rac8 16. h5 1/2-1/2

[Event "CZE-chT2c 0405"]
[Site "Czech Republic"]
[Date "2004.12.19"]
[Round "5.8"]
[White "Daniel, Jiri"]
[Black "Cerny, Jan"]
[Result "0-1"]
[WhiteElo "2068"]
[BlackElo "2103"]
[PlyCount "100"]
[EventDate "2004.10.17"]
[EventType "team"]
[EventRounds "11"]
[EventCountry "CZE"]
[SourceTitle "EXT 2007"]
[Source "ChessBase"]
[SourceDate "2006.11.23"]
[SourceVersion "1"]
[SourceVersionDate "2006.11.23"]
[SourceQuality "1"]
[WhiteTeam "Rychnov nad Kneznou"]
[BlackTeam "Polabiny"]
[WhiteTeamCountry "CZE"]
[BlackTeamCountry "CZE"]

1. e4 c6 2. Nf3 d5 3. Nc3 Bg4 4. h3 Bxf3 5. Qxf3 e6 6. b3 Nf6 7. Bb2 Be7 8. Bd3 Nbd7 9. Qg3 Nh5 10. Qg4 Nhf6 11. Qg3 Nh5 12. Qf3 Nhf6 13. Ne2 dxe4 14. Bxe4 Nxe4 15. Qxe4 Bf6 16. d4 Qa5+ 17. Bc3 Qd5 18. f3 0-0 19. 0-0 Rfd8 20. Rad1 Nf8 21. Rd3 Ng6 22. Rfd1 Rd7 23. Be1 Rad8 24. c4 Qd6 25. Bg3 Qb4 26. Kh2 a5 27. h4 a4 28. h5 Nf8 29. Be1 Qd6+ 30. f4 axb3 31. axb3 Ra8 32. Kh3 Rdd8 33. Qf3 Ra2 34. Ng3 Rda8 35. Ne4 Qd8 36. Qg4 Ra1 37. Bc3 Rxd1 38. Rxd1 Ra2 39. Rd3 Nd7 40. Rg3 g6 41. f5 exf5 42. Qxf5 Bg7 43. Qf4 Nf8 44. d5 cxd5 45. Bxg7 dxe4 46. Bf6 Qd1 47. hxg6 Qh1+ 48. Kg4 hxg6 49. Qxe4 Qh5+ 50. Kf4 Ne6+ 0-1

[Event "CZE-chT2c 0405"]
[Site "Czech Republic"]
[Date "2004.12.05"]
[Round "4.8"]
[White "Cerny, Jan"]
[Black "Illetsko, Jaroslav"]
[Result "0-1"]
[WhiteElo "2103"]
[BlackElo "2144"]
[PlyCount "60"]
[EventDate "2004.10.17"]
[EventType "team"]
[EventRounds "11"]
[EventCountry "CZE"]
[SourceTitle "EXT 2007"]
[Source "ChessBase"]
[SourceDate "2006.11.23"]
[SourceVersion "1"]
[SourceVersionDate "2006.11.23"]
[SourceQuality "1"]
[WhiteTeam "Polabiny"]
[BlackTeam "Praha Praga"]
[WhiteTeamCountry "CZE"]
[BlackTeamCountry "CZE"]

1. d4 Nf6 2. Nf3 d5 3. Bg5 Ne4 4. Bf4 c5 5. e3 Qb6 6. Qc1 Nc6 7. c3 Bf5 8. Nbd2 cxd4 9. exd4 Rc8 10. Be2 g5 11. Nxg5 Nxd4 12. Ngxe4 Nxe2 13. Kxe2 dxe4 14. f3 Rg8 15. Be3 Qg6 16. Rg1 f6 17. Nxe4 Bxe4 18. fxe4 Qxe4 19. Kf2 Qh4+ 20. Kf1 Qxh2 21. Qd1 Qe5 22. Qa4+ b5 23. Qxa7 Qf5+ 24. Ke1 Rd8 25. Qc5 Rd5 26. Qc6+ Kf7 27. c4 Re5 28. Kd2 Rg3 29. Rae1 Rgxe3 30. Rxe3 Qf2+ 0-1

[Event "CZE-chT2c 0405"]
[Site "Czech Republic"]
[Date "2004.11.07"]
[Round "2.8"]
[White "Cerny, Jan"]
[Black "Crha, Pavel"]
[Result "1/2-1/2"]
[WhiteElo "2103"]
[BlackElo "2033"]
[PlyCount "42"]
[EventDate "2004.10.17"]
[EventType "team"]
[EventRounds "11"]
[EventCountry "CZE"]
[SourceTitle "EXT 2007"]
[Source "ChessBase"]
[SourceDate "2006.11.23"]
[SourceVersion "1"]
[SourceVersionDate "2006.11.23"]
[SourceQuality "1"]
[WhiteTeam "Polabiny"]
[BlackTeam "Mlada Boleslav"]
[WhiteTeamCountry "CZE"]
[BlackTeamCountry "CZE"]

1. d4 d5 2. Nf3 Nf6 3. Bg5 e6 4. e3 Be7 5. Nbd2 Nbd7 6. Bd3 c5 7. c3 0-0 8. Ne5 Nxe5 9. dxe5 Nd7 10. Bf4 f5 11. exf6 Nxf6 12. Nf3 Bd6 13. 0-0 Qc7 14. Bxd6 Qxd6 15. Re1 e5 16. e4 d4 17. cxd4 cxd4 18. Nd2 Ng4 19. Qb3+ Kh8 20. f3 Ne3 21. Nc4 Nxc4 1/2-1/2

[Event "Tatry op"]
[Site "Tatranske Zruby"]
[Date "2004.09.28"]
[Round "5"]
[White "Szamos, Alexander"]
[Black "Cerny, Jan"]
[Result "1/2-1/2"]
[WhiteElo "2262"]
[BlackElo "2103"]
[PlyCount "43"]
[EventDate "2004.09.25"]
[EventType "swiss"]
[EventRounds "9"]
[EventCountry "SVK"]
[SourceTitle "CBM 102 Extra"]
[Source "ChessBase"]
[SourceDate "2004.11.03"]
[SourceVersion "1"]
[SourceVersionDate "2004.11.03"]
[SourceQuality "1"]

1. Nf3 d5 2. g3 c6 3. Bg2 Nf6 4. 0-0 Bf5 5. d3 e6 6. Nbd2 h6 7. c3 Be7 8. Re1 Bh7 9. e4 0-0 10. Qe2 Nbd7 11. e5 Ne8 12. Nb3 a5 13. a4 Qb6 14. Nfd2 Qa6 15. Bf1 Qa7 16. Nf3 Qb6 17. Qd1 Nc5 18. Nxc5 Bxc5 19. d4 Be7 20. Bd3 Bxd3 21. Qxd3 Nc7 22. Bd2 1/2-1/2

[Event "Tatry op"]
[Site "Tatranske Zruby"]
[Date "2004.09.26"]
[Round "2"]
[White "Cerny, Jan"]
[Black "Poloch, Petr"]
[Result "1/2-1/2"]
[WhiteElo "2103"]
[BlackElo "2291"]
[PlyCount "32"]
[EventDate "2004.09.25"]
[EventType "swiss"]
[EventRounds "9"]
[EventCountry "SVK"]
[SourceTitle "CBM 102 Extra"]
[Source "ChessBase"]
[SourceDate "2004.11.03"]
[SourceVersion "1"]
[SourceVersionDate "2004.11.03"]
[SourceQuality "1"]

1. d4 Nf6 2. Nf3 e6 3. Bg5 c5 4. e3 Qb6 5. Nbd2 d5 6. Rb1 Nc6 7. c3 h6 8. Bh4 Bd6 9. Bd3 e5 10. dxe5 Nxe5 11. Nxe5 Bxe5 12. Nf3 Bc7 13. Bxf6 gxf6 14. 0-0 Be6 15. Qa4+ Bd7 16. Qc2 0-0-0 1/2-1/2